Rhizobiology: Molecular Physiology of Plant Roots (Record no. 34456)

MARC details
000 -LEADER
fixed length control field 00707nam a2200181Ia 4500
020 ## - INTERNATIONAL STANDARD BOOK NUMBER
ISBN 9789811590610
050 ## - CALL MARK
Classification number QK 898 .N2 .M85/
100 ## - STATEMENT OF RESPONSIBILITY--MAIN AUTHOR NAME
Personal name Edited by Mukherjee, Soumya
245 #0 - TITLE STATEMENT
Title Rhizobiology: Molecular Physiology of Plant Roots
260 ## - PUBLICATION, DISTRIBUTION, ETC. (IMPRINT)
Place of publication Switzerland
260 ## - PUBLICATION, DISTRIBUTION, ETC. (IMPRINT)
Name of publisher Springer International Publishing
260 ## - PUBLICATION, DISTRIBUTION, ETC. (IMPRINT)
Year of publication 2024
300 ## - PHYSICAL DESCRIPTION
Number of Pages xii, 442.: ill.
650 ## - SUBJECT ADDED ENTRY--TOPICAL TERM
Topical Term Rhizosphere; Plant-microbe interactions; Nitrogen-fixing bacteria; Root-microbe interactions; Mycorrhizal fungi; Plant physiology; Soil microbiology; Rhizobacteria; Plant growth-promoting rhizobacteria (PGPR); Symbiosis (Biology).
942 ## - ADDED ENTRY ELEMENTS (KOHA)
Koha item type Books
Holdings
Withdrawn status Lost status Source of classification or shelving scheme Damaged status Not for loan Permanent Location Current Location Date acquired Accession Number Price effective from Koha item type
    Library of Congress Classification     NILE UNIVERSITY OF NIGERIA - MAIN LIBRARY NILE UNIVERSITY OF NIGERIA - MAIN LIBRARY 04/23/2025 0198796 04/23/2025 Books